00476cam a2200193ua 4500001000400000008003900004020001800043040000900061082000700070245003600077250000900113260003800122300001400160653002200174653002300196700002300219700002100242700001900263625110412n ii |||gr||||Z||||||eng a81-7123-039-3 cMAIN a9`1 aPakistan after ziacby Sreedhar a1st. aDelhi:bABC publishing house,989. a173p:5cm. aPolitical science aPakistan after zia aSreedhar,eAuthor. aJohn, Kaniyalil. aPande, Savita.